| 000 | 00638nam a22002297a 4500 | ||
|---|---|---|---|
| 003 | UA-OsUOA | ||
| 001 | 35163 | ||
| 007 | ta | ||
| 008 | 20051109b un ||||| |||| 00| 0 ukr d | ||
| 090 |
_a242 _bХ93 |
||
| 942 | _cBK | ||
| 040 |
_aUA-OsUOA _brus _cUA-OsUOA _dUA-OsUOA |
||
| 245 |
_aХристос и культура _bИзбранные труды Ричарда Нибура и Райнхольда Нибура |
||
| 300 | _a575 с. | ||
| 955 | _a0 | ||
| 041 | _arus | ||
| 080 | _a242 | ||
| 020 | _a5-7357-0050-2 | ||
| 260 |
_aМ. _bЮристь _c1996 |
||
| 650 | 7 |
_a2 Релігія. Теологія. _2UDC |
|
| 999 |
_c321528 _d321528 |
||